<?xml version="1.0" encoding="UTF-8"?>
<marc:record xmlns:marc="http://www.loc.gov/MARC21/slim">
   <marc:leader>00000nam a2200000 a 4500</marc:leader>
   <marc:datafield ind1="0" ind2="0" tag="245">
      <marc:subfield code="a">Musicamera : music in our time ; new faces, old forms: 1920-1930 ; the artist as artisan: 1930-1940</marc:subfield>
   </marc:datafield>
   <marc:datafield ind1=" " ind2="1" tag="264">
      <marc:subfield code="a">[s.l.]</marc:subfield>
      <marc:subfield code="b">Sony Music Entertainment</marc:subfield>
      <marc:subfield code="c">2011</marc:subfield>
   </marc:datafield>
   <marc:datafield ind1=" " ind2=" " tag="500">
      <marc:subfield code="a">Original Broadcast: November 26, 1975; December 14, 1977. - Interpr.: Glenn Gould [Piano]. Patricia Rideout [Alt]. Boris Brott [Dir.] Roxolana Roslak [Sopran]. Oxford String Quartet. Suzanne Shulman [Flöte]. James Campbell [Klarinette]. Raymond Crisara [T</marc:subfield>
   </marc:datafield>
   <marc:datafield ind1="0" ind2=" " tag="490">
      <marc:subfield code="v">DVD 10.</marc:subfield>
   </marc:datafield>
   <marc:datafield ind1=" " ind2=" " tag="542">
      <marc:subfield code="d">Canadian Broadcasting Corporation &lt;Ottawa&gt;</marc:subfield>
   </marc:datafield>
   <marc:datafield ind1=" " ind2=" " tag="300">
      <marc:subfield code="a">1 DVD-Video (Total running time 1h57m03s.)</marc:subfield>
   </marc:datafield>
</marc:record>
